Seth Rogen by Poster - Statistics

General Stats
  • This quiz has been taken 27 times
  • The average score is 15 of 26
Answer Stats
Picture Answer % Correct
Knocked Up
95%
Kung Fu Panda
95%
Sausage Party
86%
Superbad
86%
The Lion King
82%
Horton Hears A Who!
77%
The Interview
77%
This Is The End
77%
Kung Fu Panda 2
73%
Pineapple Express
73%
The Green Hornet
68%
Paul
64%
50/50
59%
Teenage Mutant Ninja Turtles: Mutant Mayhem
59%
Funny People
55%
Monsters Vs Aliens
55%
The Night Before
55%
The Super Mario Bros. Movie
55%
Long Shot
45%
The Disaster Artist
45%
An American Pickle
32%
Dumb Money
32%
Observe And Report
32%
The Spiderwick Chronicles
32%
Bad Neighbors
18%
Bad Neighbors 2
18%
No matching quizzes found
Score Distribution
Percent of People with Each Score
Percentile by Number Answered
Your Score History
You have not taken this quiz